Different homing pigeons colours - Statistics

General Stats
  • This quiz has been taken 34 times
  • The average score is 6 of 18
Answer Stats
No. Answer % Correct
11 White
86%
12 Black
77%
8 Blue
73%
4 Red
73%
16 Yellow
68%
17 Silver
36%
6 Grizzle
23%
3 Mosaic
23%
9 Blue pied
18%
1 Cheq
18%
10 Cheq pied
18%
2 Chocolate
18%
18 Gay pied
18%
5 Tiger grizzle
18%
13 Dark cheq
14%
7 Mealy
14%
15 Smoky blue
9%
14 Smoky Cheq
9%
No matching quizzes found
Score Distribution
Percent of People with Each Score
Percentile by Number Answered
Your Score History
You have not taken this quiz